The all England law reports reprint 1874-1880 (Record no. 404591)

MARC details
000 -LEADER
fixed length control field 00516nam a2200181Ia 4500
008 - FIXED-LENGTH DATA ELEMENTS--GENERAL INFORMATION
fixed length control field 191130s1984##################000#0#eng##
020 ## - INTERNATIONAL STANDARD BOOK NUMBER
ISBN 040685159x
082 ## - DEWEY DECIMAL CLASSIFICATION NUMBER
Classification number 348.4204 BRI
245 ## - TITLE STATEMENT
Title The all England law reports reprint 1874-1880
Statement of responsibility, etc edited by G.F.L. Bridgman
260 ## - PUBLICATION, DISTRIBUTION, ETC. (IMPRINT)
Place of publication London
Name of publisher Butterworth & Co
Year of publication 1984
300 ## - PHYSICAL DESCRIPTION
Number of Pages 928 p.; 23 cm.
650 ## - SUBJECT ADDED ENTRY--TOPICAL TERM
Topical Term Law- Reports
700 ## - ADDED ENTRY--PERSONAL NAME
Personal name Bridgman, G. F. L
991 ## -
-- 389501

No items available.

Find us on the map